000 00733nas a2200241 4500
001 BR8001356
003 BR-BrBNA
005 20231205084216.0
007 ta
008 230509b bl.|||p| |||| 00| 00por d
040 _aBR-BrBNA
_bpor
_cBiblioteca Nacional de Agricultura
041 _a(Pt)
072 _aK70
100 1 _aSoares, R.V.
245 1 _aOs incendios florestais na regiao do Cerrado [Brasil]
246 1 _a[Forest fires in the cerrado region [Brazil]]
650 _aProtecao florestal
650 _aIncendio florestal
650 _aCerrado
773 0 _tBrasil Florestal (Brazil)
_xISSN 0045-270X
_g(Jan 1980), v. 10(41) p. 39-43
_wBR8001356
909 _a202311
_bLúcia
_c55
_dLúcia Elande
942 _2AGRIS
_n0
_cANA
999 _c103784
_d103784